[Event "DOM-ch"]
[Site "Santo Domingo"]
[Date "2023.02.25"]
[Round "2"]
[White "Mendez Ramirez, Victor"]
[Black "Segura Encarnacion, Ronald Eliesel"]
[Result "1/2-1/2"]
[WhiteElo "2166"]
[BlackElo "2013"]
[PlyCount "96"]
[EventDate "2023.02.24"]
[EventType "swiss"]
[EventRounds "11"]
[EventCountry "DOM"]
[SourceTitle "CBM 213 Extra"]
[Source "ChessBase"]
[SourceDate "2023.05.31"]
[SourceVersion "1"]
[SourceVersionDate "2023.05.31"]
[SourceQuality "1"]

1. c4 Nf6 2. Nc3 c5 3. Nf3 Nc6 4. e3 d5 5. cxd5 Nxd5 6. Bb5 Nxc3 7. bxc3 Bd7 8. 0-0 e6 9. a4 Qc7 10. Ba3 Bd6 11. d4 cxd4 12. cxd4 0-0 13. Qb1 h6 14. Bxd6 Qxd6 15. Ne5 Nxe5 16. dxe5 Qe7 17. Bxd7 Qxd7 18. Rd1 Qc7 19. Qb4 Qxe5 20. Qxb7 Rfb8 21. Qd7 Rb2 22. Rab1 a5 23. Rxb2 Qxb2 24. h4 Rb8 25. Rd4 Rb4 26. Qd8+ Kh7 27. Qxa5 Qc1+ 28. Kh2 Rxd4 29. exd4 Qf4+ 30. Kg1 Qc1+ 31. Kh2 Qf4+ 32. Kh3 g5 33. hxg5 hxg5 34. g3 g4+ 35. Kg2 Qe4+ 36. Kg1 Qxd4 37. Qa8 f5 38. Qe8 Qd1+ 39. Kg2 Qf3+ 40. Kg1 Qd1+ 41. Kh2 Qe2 42. Qe7+ Kg6 43. Qc5 Qe4 44. a5 f4 45. gxf4 Qxf4+ 46. Kg1 g3 47. Qc4 Kh6 48. Qc2 gxf2+ 1/2-1/2

[Event "DOM-ch"]
[Site "Santo Domingo"]
[Date "2022.02.19"]
[Round "3"]
[White "Nunez Astacio, Jose Miguel"]
[Black "Segura Encarnacion, Ronald Eliesel"]
[Result "1-0"]
[WhiteElo "1833"]
[BlackElo "1988"]
[PlyCount "91"]
[EventDate "2022.02.18"]
[EventType "swiss"]
[EventRounds "11"]
[EventCountry "DOM"]
[SourceTitle "EXT 2023"]
[Source "ChessBase"]
[SourceDate "2022.10.05"]
[SourceVersion "1"]
[SourceVersionDate "2022.10.05"]
[SourceQuality "1"]

1. d4 Nf6 2. Bf4 g6 3. c3 d6 4. Nf3 Bg7 5. h3 0-0 6. e3 c5 7. Nbd2 Nc6 8. Be2 Bf5 9. 0-0 cxd4 10. exd4 Re8 11. Nc4 Nd5 12. Bg3 b5 13. Ne3 Nxe3 14. fxe3 Qb6 15. Bd3 Bxd3 16. Qxd3 e5 17. Nd2 f5 18. a4 a6 19. axb5 axb5 20. dxe5 dxe5 21. Rxa8 Rxa8 22. Qd5+ Kh8 23. Bf2 Rd8 24. Qe6 e4 25. Nb3 Qc7 26. Nd4 Nxd4 27. cxd4 Qd7 28. Qb6 f4 29. Rd1 fxe3 30. Bxe3 Qd5 31. Kh1 Rd6 32. Qc7 Rd7 33. Qg3 Rd8 34. Ra1 Qf5 35. Ra7 Qf1+ 36. Kh2 Bf8 37. Qe5+ Kg8 38. Ra6 Qf5 39. Qc7 Rd7 40. Qb8 Kg7 41. Bf4 Be7 42. Be5+ Kh6 43. Qe8 Bd6 44. Rxd6 e3 45. Qxd7 Qxd7 46. Rxd7 1-0

[Event "Santo Domingo op 08"]
[Site "Santo Domingo"]
[Date "2019.08.20"]
[Round "6"]
[White "Segura Encarnacion, Ronald Eliesel"]
[Black "Del Rosario Moreno, Carlos"]
[Result "1-0"]
[WhiteElo "1974"]
[BlackElo "2071"]
[PlyCount "165"]
[EventDate "2019.08.12"]
[EventType "swiss"]
[EventRounds "8"]
[EventCountry "DOM"]
[SourceTitle "EXT 2020"]
[Source "ChessBase"]
[SourceDate "2019.10.17"]
[SourceVersion "1"]
[SourceVersionDate "2019.10.17"]
[SourceQuality "1"]

1. Nf3 Nf6 2. g3 g6 3. Bg2 Bg7 4. c4 0-0 5. Nc3 d6 6. 0-0 e5 7. d3 Re8 8. Qc2 Nc6 9. a3 a5 10. Rb1 Bg4 11. e3 Qd7 12. b4 axb4 13. axb4 Bh3 14. b5 Nd8 15. Bb2 Bxg2 16. Kxg2 c6 17. Rfd1 h6 18. Na4 Qc7 19. b6 Qd7 20. c5 Nd5 21. Qc4 Kh7 22. h3 Ne6 23. cxd6 Qxd6 24. Ba1 Ra5 25. e4 Rea8 26. Nc3 Nxc3 27. Bxc3 Ra4 28. Rb4 Rxb4 29. Bxb4 Qd8 30. Bc3 Qxb6 31. Nxe5 Qc7 32. Ng4 b5 33. Qb3 Nd4 34. Qb2 Qd7 35. Ra1 Rd8 36. Ra6 f5 37. Bxd4 Qxd4 38. Qxd4 Rxd4 39. exf5 gxf5 40. Ne3 Rd6 41. Nxf5 Rd5 42. Nxg7 Kxg7 43. Rxc6 Rxd3 44. Rb6 Rb3 45. g4 b4 46. f3 Rb1 47. Kg3 b3 48. h4 b2 49. Kf4 Kf7 50. g5 Rh1 51. Rb7+ Kg6 52. Rb6+ Kg7 53. gxh6+ Kh7 54. Rxb2 Rxh4+ 55. Kg5 Rh3 56. Rb7+ Kh8 57. Rb8+ Kh7 58. Rb7+ Kh8 59. f4 Rg3+ 60. Kf6 Rh3 61. h7 Rh6+ 62. Kg5 Rh1 63. f5 Rf1 64. Kg6 Rg1+ 65. Kf6 Rg6+ 66. Ke5 Rg1 67. Re7 Rh1 68. f6 Re1+ 69. Kd6 Rd1+ 70. Ke6 Re1+ 71. Kf7 Rf1 72. Re6 Kxh7 73. Re2 Rh1 74. Ke8 Ra1 75. f7 Ra8+ 76. Ke7 Ra7+ 77. Kf6 Ra6+ 78. Re6 Ra8 79. Re8 Ra6+ 80. Ke5 Ra5+ 81. Kd6 Rf5 82. f8Q Rf6+ 83. Ke5 1-0

[Event "Santo Domingo op 08"]
[Site "Santo Domingo"]
[Date "2019.08.12"]
[Round "1"]
[White "Segura Encarnacion, Ronald Eliesel"]
[Black "Batista Penalo, Darlyn Alexander"]
[Result "1-0"]
[WhiteElo "1974"]
[BlackElo "1676"]
[PlyCount "49"]
[EventDate "2019.08.12"]
[EventType "swiss"]
[EventRounds "8"]
[EventCountry "DOM"]
[SourceTitle "EXT 2020"]
[Source "ChessBase"]
[SourceDate "2019.10.17"]
[SourceVersion "1"]
[SourceVersionDate "2019.10.17"]
[SourceQuality "1"]

1. d4 Nf6 2. c4 g6 3. Nf3 Bg7 4. g3 d5 5. Bg2 0-0 6. 0-0 Bg4 7. cxd5 Nbd7 8. Nc3 Re8 9. e4 e5 10. dxe6 Rxe6 11. e5 Ne8 12. h3 Bxf3 13. Qxf3 c6 14. Be3 Nc7 15. Qd1 Nb6 16. Qb3 Ncd5 17. Nxd5 cxd5 18. Rac1 Rc6 19. a4 Nc4 20. Qxb7 Na5 21. Qb5 Rac8 22. Rxc6 Rxc6 23. Bd2 Qb6 24. Bxa5 Qxb5 25. axb5 1-0

[Event "Santo Domingo op11"]
[Site "Santo Domingo"]
[Date "2017.11.25"]
[Round "6"]
[White "Segura Encarnacion, Ronald Eliesel"]
[Black "Lorenzo De Los Santos, Luis L"]
[Result "1-0"]
[WhiteElo "1921"]
[BlackElo "2109"]
[PlyCount "171"]
[EventDate "2017.11.17"]
[EventType "swiss"]
[EventRounds "8"]
[EventCountry "DOM"]
[SourceTitle "CBM 181 Extra"]
[Source "ChessBase"]
[SourceDate "2017.12.12"]
[SourceVersion "1"]
[SourceVersionDate "2017.12.12"]
[SourceQuality "1"]

1. d4 Nf6 2. c4 d6 3. Nf3 Nbd7 4. Nc3 e5 5. e4 Be7 6. Be2 0-0 7. 0-0 c6 8. Re1 Qe8 9. h3 Bd8 10. d5 Bc7 11. Be3 Qe7 12. Qc2 a5 13. dxc6 bxc6 14. Red1 Rb8 15. Rd2 Nh5 16. Rad1 Nf4 17. Bxf4 exf4 18. Nd4 Ne5 19. Nf3 Ng6 20. b3 Re8 21. Nd4 Qg5 22. Nf3 Qf6 23. Qd3 Nf8 24. Nd4 Bd7 25. Bg4 Ne6 26. Nf5 Red8 27. Nxd6 Bxd6 28. Qxd6 Qxc3 29. Qe7 Re8 30. Qxd7 Nc5 31. Qc7 h5 32. Bxh5 g6 33. Bf3 Qb4 34. Qxf4 a4 35. Qf6 axb3 36. axb3 Qxb3 37. Qxc6 Qxc4 38. Rd4 Qb5 39. Qxb5 Rxb5 40. Rd8 Rb8 41. Rxb8 Rxb8 42. Rd5 Ne6 43. g3 Rb4 44. Kg2 Kf8 45. Ra5 Kg7 46. e5 Rd4 47. Bd5 Nc7 48. Ba2 Rd2 49. Ra7 Rc2 50. e6 fxe6 51. Bxe6 Kf6 52. Bg4 Nd5 53. Ra3 Nc3 54. Ra6+ Kg7 55. Rc6 Rc1 56. Rc8 Kf6 57. Kf3 Rc2 58. Rc6+ Kg7 59. h4 Rc1 60. h5 gxh5 61. Bxh5 Rh1 62. Rc7+ Kf6 63. Rc6+ Kg7 64. Rxc3 Rxh5 65. Kg4 Ra5 66. f4 Ra6 67. Rc7+ Kf6 68. Rc5 Rb6 69. Rh5 Rb3 70. Rh6+ Kg7 71. Rc6 Kf7 72. Kh4 Rf3 73. Rc4 Ra3 74. g4 Ra5 75. g5 Ra1 76. Kg4 Ra7 77. Rc6 Ra1 78. g6+ Kg7 79. Kg5 Ra8 80. Rc7+ Kg8 81. f5 Rb8 82. Kh6 Rf8 83. f6 Rxf6 84. Rc8+ Rf8 85. Rxf8+ Kxf8 86. Kh7 1-0